Guerres et paix de religion en Europe : XVIe -XVIIe siècles (notice n° 2197548)

détails MARC
000 -LEADER
fixed length control field 01199cam a2200145 4500500
005 - DATE AND TIME OF LATEST TRANSACTION
control field 20260405085432.0
041 ## - LANGUAGE CODE
Language code of text/sound track or separate title fre
042 ## - AUTHENTICATION CODE
Authentication code dc
100 10 - MAIN ENTRY--PERSONAL NAME
Personal name El Kenz, David
Relator term author
245 00 - TITLE STATEMENT
Title Guerres et paix de religion en Europe : XVIe -XVIIe siècles
260 ## - PUBLICATION, DISTRIBUTION, ETC.
Name of publisher, distributor, etc. Armand Colin,<br/>
Date of publication, distribution, etc. 2008.<br/>
520 ## - SUMMARY, ETC.
Summary, etc. Comprendre et analyser les crises religieuses qui embrasent l’Europe des XVIe et XVIIe siècle, tel est l’objet de cet ouvrage qui offre une synthèse sans équivalent sur les troubles confessionnels et les tentatives de pacification. S’appuyant sur une historiographie internationale, il décrit les particularités de chaque conflit et met en lumière le long cheminement des Etats vers une paix religieuse durable, à l’intérieur comme à l’extérieur.Cette longue période de troubles voit surgir, contre vents et marées, de nouvelles organisations politiques au sein desquelles s’imposera finalement, au nom du bien public, une certaine de tolérance religieuse et les prémices de la laïcisation.
700 10 - ADDED ENTRY--PERSONAL NAME
Personal name Gantet, Claire
Relator term author
856 41 - ELECTRONIC LOCATION AND ACCESS
Uniform Resource Identifier <a href="https://shs.cairn.info/guerres-et-paix-de-religion-en-europe--9782200355043?lang=fr&redirect-ssocas=7080">https://shs.cairn.info/guerres-et-paix-de-religion-en-europe--9782200355043?lang=fr&redirect-ssocas=7080</a>

Pas d'exemplaire disponible.

PLUDOC

PLUDOC est la plateforme unique et centralisée de gestion des bibliothèques physiques et numériques de Guinée administré par le CEDUST. Elle est la plus grande base de données de ressources documentaires pour les Étudiants, Enseignants chercheurs et Chercheurs de Guinée.

Adresse

627 919 101/664 919 101

25 boulevard du commerce
Kaloum, Conakry, Guinée

Réseaux sociaux

Powered by Netsen Group @ 2025